As always, Dave / (Record no. 51938)
[ view plain ]
| 000 -LEADER | |
|---|---|
| fixed length control field | 01438cam a22003378a 4500 |
| 005 - DATE AND TIME OF LATEST TRANSACTION | |
| control field | 20241220121535.0 |
| 035 ## - SYSTEM CONTROL NUMBER | |
| System control number | (Sirsi) i9781590388495 |
| 092 ## - LOCALLY ASSIGNED DEWEY CALL NUMBER (OCLC) | |
| Classification number | WEYLAND |
| 008 - FIXED-LENGTH DATA ELEMENTS--GENERAL INFORMATION | |
| fixed length control field | 071005s2007 utu d 000 1 eng |
| 001 - CONTROL NUMBER | |
| control field | 15036239 |
| 010 ## - LIBRARY OF CONGRESS CONTROL NUMBER | |
| LC control number | 2007041202 |
| 020 ## - INTERNATIONAL STANDARD BOOK NUMBER | |
| International Standard Book Number | 9781590388495 (pbk.) |
| 040 ## - CATALOGING SOURCE | |
| Original cataloging agency | DLC |
| Transcribing agency | DLC |
| 050 00 - LIBRARY OF CONGRESS CALL NUMBER | |
| Classification number | PZ7.W538 |
| Item number | Ar 2007 |
| 082 00 - DEWEY DECIMAL CLASSIFICATION NUMBER | |
| Classification number | [Fic] |
| Edition number | 22 |
| 100 1# - MAIN ENTRY--PERSONAL NAME | |
| Personal name | Weyland, Jack, |
| Dates associated with a name | 1940- |
| 9 (RLIN) | 11358 |
| 245 10 - TITLE STATEMENT | |
| Title | As always, Dave / |
| Statement of responsibility, etc | Jack Weyland. |
| 260 ## - PUBLICATION, DISTRIBUTION, ETC. (IMPRINT) | |
| Place of publication, distribution, etc | Salt Lake City, Utah : |
| Name of publisher, distributor, etc | Deseret Book, |
| Date of publication, distribution, etc | c2007. |
| 263 ## - PROJECTED PUBLICATION DATE | |
| Projected publication date | 0712 |
| 300 ## - PHYSICAL DESCRIPTION | |
| Extent | p. cm. |
| 520 ## - SUMMARY, ETC. | |
| Summary, etc | After Dave completes his two-year Mormon mission, he moves to Long Island to marry his high school sweetheart who has a job there, but when he discovers that she no longer wants to marry him, he must try to find someone else while remaining true to his Mormon faith. |
| 650 #0 - SUBJECT ADDED ENTRY--TOPICAL TERM | |
| Topical term or geographic name as entry element | Mormons |
| Form subdivision | Juvenile fiction. |
| 9 (RLIN) | 6368384 |
| 650 #0 - SUBJECT ADDED ENTRY--TOPICAL TERM | |
| Topical term or geographic name as entry element | Dating (Social customs) |
| Form subdivision | Juvenile fiction. |
| 9 (RLIN) | 5675714 |
| 650 #0 - SUBJECT ADDED ENTRY--TOPICAL TERM | |
| Topical term or geographic name as entry element | Christian life |
| Form subdivision | Juvenile fiction. |
| 9 (RLIN) | 5680113 |
| 906 ## - LOCAL DATA ELEMENT F, LDF (RLIN) | |
| a | 7 |
| b | cbc |
| c | orignew |
| d | 1 |
| e | ecip |
| f | 20 |
| g | y-gencatlg |
| 925 0# - | |
| -- | acquire |
| -- | 2 shelf copies |
| -- | policy default |
| 942 ## - ADDED ENTRY ELEMENTS (KOHA) | |
| Koha item type | BOOK |
| 955 ## - COPY-LEVEL INFORMATION (RLIN) | |
| -- | lb07 2007-11-19 |
| -- | lb07 2007-11-19 to CIP |
| 963 ## - | |
| -- | Derk Koldewyn; phone: 801-5173406; email: dkoldewy@deseretbook.com; bc: dkoldewy@deseretbook.com |
| 998 ## - LOCAL CONTROL INFORMATION (RLIN) | |
| -- | a112267 |
| Withdrawn status | Lost status | Source of classification or shelving scheme | Damaged status | Not for loan | Collection code | Home library | Current library | Shelving location | Date acquired | Source of acquisition | Cost, normal purchase price | Total Checkouts | Total Renewals | Full call number | Barcode | Date last seen | Date checked out | Cost, replacement price | Price effective from | Koha item type |
|---|---|---|---|---|---|---|---|---|---|---|---|---|---|---|---|---|---|---|---|---|
| Dewey Decimal Classification | Adult Fiction LDS | Wasatch County Library | Wasatch County Library | First Floor | 03/17/2017 | Donation | 15.95 | 11 | 1 | F LDS Weyland | 34301001483793 | 10/15/2025 | 09/25/2025 | 15.95 | 03/20/2020 | BOOK |
